| 000 | 00000nam 2200000zi 4500 |
| 001 | 9.922402 |
| 003 | CaOODSP |
| 005 | 20240527140606 |
| 006 | m o d f |
| 007 | cr bn||||||||| |
| 008 | 230124e197702##nfcb o f|0| 0 eng d |
| 040 | |aCaOODSP|beng|erda|cCaOODSP |
| 043 | |an-cn---|an-cn-nf |
| 086 | 1 |aCW66-985/1977E-PDF |
| 100 | 1 |aJohnson, B.C., |eauthor. |
| 245 | 10|aAerial waterfowl survey of Hinds Lake, Newfoundland : |ba proposed hydro electric reservoir site, October 5, 1976 / |cB.C. Johnson. |
| 264 | 1|aSt. John's, Newfoundland : |bCanadian Wildlife Service, |cFebruary, 1977. |
| 300 | |a1 online resource (6 pages, 7 unnumbered pages) : |bmaps |
| 336 | |atext|btxt|2rdacontent |
| 337 | |acomputer|bc|2rdamedia |
| 338 | |aonline resource|bcr|2rdacarrier |
| 500 | |aCover title. |
| 500 | |aIssued by Environment Canada. |
| 500 | |aDigitized edition from print [produced by Environment and Climate Change Canada]. |
| 520 | |a"The primary purpose of the survey was to determine the fall waterfowl use of Hinds Lake, a proposed hydro electric reservoir. Other potential existing hydro sites were surveyed in less detail for comparative and orientation purposes"--Introduction, page [1]. |
| 650 | 0|aWaterfowl|zNewfoundland and Labrador. |
| 650 | 0|aZoological surveys|zNewfoundland and Labrador. |
| 650 | 6|aGibier d'eau|zTerre-Neuve-et-Labrador. |
| 650 | 6|aInventaires fauniques|zTerre-Neuve-et-Labrador. |
| 710 | 2 |aCanadian Wildlife Service, |eissuing body. |
| 856 | 40|qPDF|s4.27 MB|uhttps://publications.gc.ca/collections/collection_2024/eccc/cw66/CW66-985-1977-eng.pdf |